00733nam a2200217 a 450000100060000000300080000600500170001400800410003103500190007204000370009104100080012808200270013610000200016324500560018326000390023930000250027849000730030350400290037665100370040583000730044242072BD-RjUL20211209053505.0160609s1969 nyu b 000 0 eng d a(BD-RjUL)42190 aDLCcDLCdUKMdEQOdBD-RjULbeng aeng a327.5193223bKOF 19691 aKoh, Byung Chul14aThe foreign policy of North Korea /cByung Chul koh aNew York :bF. A. Praeger,c[1969] axxi, 237 p. ;c24 cm1 aPraeger special studies in international politics and public affairs aBibliography: p. 225-237 0aKorea (North)xForeign relations 0aPraeger special studies in international politics and public affairs